| 000 -LEADER |
| fixed length control field |
00769cam a2200241 a 4500 |
| 001 - CONTROL NUMBER |
| control field |
4452 |
| 003 - CONTROL NUMBER IDENTIFIER |
| control field |
BD-DhUAP |
| 005 - DATE AND TIME OF LATEST TRANSACTION |
| control field |
20201224135314.0 |
| 008 - FIXED-LENGTH DATA ELEMENTS--GENERAL INFORMATION |
| fixed length control field |
201222s1998 nyu b 001 0 eng |
| 010 ## - LIBRARY OF CONGRESS CONTROL NUMBER |
| LC control number |
97035609 |
| 020 ## - INTERNATIONAL STANDARD BOOK NUMBER |
| International Standard Book Number |
0471242128 (pbk. : alk. paper) |
| 040 ## - CATALOGING SOURCE |
| Original cataloging agency |
DLC |
| Transcribing agency |
DLC |
| Modifying agency |
BD-DhUAP |
| Language of cataloging |
eng |
| 082 00 - DEWEY DECIMAL CLASSIFICATION NUMBER |
| Classification number |
658.311 MES |
| Edition number |
23 |
| 100 1# - MAIN ENTRY--PERSONAL NAME |
| Personal name |
Messmer, Max. |
| 245 14 - TITLE STATEMENT |
| Title |
The fast forward MBA in hiring : |
| Remainder of title |
finding and keeping the best people / |
| Statement of responsibility, etc. |
Max Messmer. |
| 260 ## - PUBLICATION, DISTRIBUTION, ETC. |
| Place of publication, distribution, etc. |
New York : |
| Name of publisher, distributor, etc. |
John Wiley & Sons, |
| Date of publication, distribution, etc. |
c1998. |
| 300 ## - PHYSICAL DESCRIPTION |
| Extent |
xvi, 236 pages ; |
| Dimensions |
26 cm. |
| 490 ## - SERIES STATEMENT |
| Series statement |
The fast forward MBA series. |
| 504 ## - BIBLIOGRAPHY, ETC. NOTE |
| Bibliography, etc. note |
Includes bibliographical references (p. 219-227) and index. |
| 650 #0 - SUBJECT ADDED ENTRY--TOPICAL TERM |
| Topical term or geographic name entry element |
Employees |
| General subdivision |
Recruiting. |
| 650 #0 - SUBJECT ADDED ENTRY--TOPICAL TERM |
| Topical term or geographic name entry element |
Employee selection. |
| 942 ## - ADDED ENTRY ELEMENTS (KOHA) |
| Source of classification or shelving scheme |
|
| Koha item type |
Book |